Music Quiz

Random Music Quiz
Score 0/8 Timer 10:00
0 Plays Today
% Correct
Mick Jagger
100%
Keith Richards
94.3%
Brian Jones
74.3%
Charlie Watts
71.4%
Bill Wyman
68.6%
Ronnie Wood
51.4%
Mick Taylor
48.6%
Ian Stewart
42.9%
Remove Ads.
Support Sporcle.
Get the best of Sporcle when you Go Orange. This ad-free experience offers more features, more stats, and more fun while also helping to support Sporcle. Thank you for becoming a member.

You're not logged in!

Compare scores with friends on all Sporcle quizzes.
OR
Log In

Show Comments

Extras

Created Feb 4, 2019ReportNominate
Tags:Rolling, stone

Top Quizzes Today


Score Distribution

Your Account Isn't Verified!

In order to create a playlist on Sporcle, you need to verify the email address you used during registration. Go to your Sporcle Settings to finish the process.

Report this User

Report this user for behavior that violates our Community Guidelines.

Details: